000 00856nam a2200205Ii 4500
003 JO-AjNU
008 230605s9999||||xx |||||||||||||| ||und||
040 _aJO-AjNU
_bara
_erda
_cJO-AjNU
041 _aara
050 1 4 _aHD2736 2011
100 3 _aاعداد: احمد، فايز عبدالهادي,
_eauthor
_934405
245 0 0 _aالخصخصة: دراسة تطبيقية على المملكة العربية السعودية
264 3 1 _aالقاهرة: المنظمة العربية للتنمية الادارية، 2011
300 _a202ص
_bيحتوي على ببلوغرافية من 197-202ص
336 _atext
_btxt
_2rdacontent
337 _aunmediated
_bn
_2rdamedia
338 _avolume
_bnc
_2rdacarrier
490 0 _aاصدار خاص عن المجلة العربية للادارة
650 4 _aالخصخصة - السعودية
_934406
999 _aA14104
_c17672
_d17672